<?xml version="1.0" encoding="UTF-8"?>
<record
    xmlns:xsi="http://www.w3.org/2001/XMLSchema-instance"
    xsi:schemaLocation="http://www.loc.gov/MARC21/slim http://www.loc.gov/standards/marcxml/schema/MARC21slim.xsd"
    xmlns="http://www.loc.gov/MARC21/slim">

  <leader>02860nam a22003017a 4500</leader>
  <datafield tag="999" ind1=" " ind2=" ">
    <subfield code="c">21879</subfield>
    <subfield code="d">21879</subfield>
  </datafield>
  <controlfield tag="003">AR-CdUCM</controlfield>
  <controlfield tag="008">190425b           ||||| |||| 00| 0 spa d</controlfield>
  <datafield tag="040" ind1=" " ind2=" ">
    <subfield code="a">MUNICIPALIDAD PROVINCIAL DEL CUSCO</subfield>
    <subfield code="c">BIBLIOTECA MUNICIPAL DEL CUSCO</subfield>
  </datafield>
  <datafield tag="082" ind1=" " ind2=" ">
    <subfield code="a">Rev.AHC/N&#xB0;8/1957</subfield>
  </datafield>
  <datafield tag="110" ind1=" " ind2=" ">
    <subfield code="a">Archivo Regional del Cusco</subfield>
    <subfield code="9">46600</subfield>
  </datafield>
  <datafield tag="245" ind1=" " ind2=" ">
    <subfield code="a">Revista del Archivo Hist&#xF3;rico del Cuzco /</subfield>
    <subfield code="c">Universidad Nacional del Cuzco</subfield>
  </datafield>
  <datafield tag="260" ind1=" " ind2=" ">
    <subfield code="a">Cusco :</subfield>
    <subfield code="b">H.G. rozas,</subfield>
    <subfield code="c">1957.</subfield>
  </datafield>
  <datafield tag="300" ind1=" " ind2=" ">
    <subfield code="a">434 p&#xE1;ginas. :</subfield>
    <subfield code="c">21 cm.</subfield>
  </datafield>
  <datafield tag="440" ind1=" " ind2=" ">
    <subfield code="a">Revista del Archivo Hist&#xF3;rico.</subfield>
    <subfield code="n">A&#xF1;o VIII, 1957, N&#xB0;8.</subfield>
    <subfield code="9">46619</subfield>
  </datafield>
  <datafield tag="505" ind1=" " ind2=" ">
    <subfield code="a">Contenido: Palmas magisteriales del Per&#xFA;. -- Est&#xED;mulo a la investigaci&#xF3;n y estudio a la historia peruana. -- Monumento a Bolognesi en Cusco. -- Pumacahua en Arequipa 38 documentos. -- Fundaci&#xF3;n espa&#xF1;ola del Cusco extracto de un libro de su ayuntamiento. -- Sobre el tratado de Paucarpata 2 documentos. -- Tesoros de la Catedral del Cusco inventarios de 1866. -- El separatismo de Tupac Amaru un an&#xE1;lisis de la insurrecci&#xF3;n de 1870. Cesar Garc&#xED;a Rosell. -- Dos escrituras de Tupac Amaru a&#xF1;o 1779. -- Familias del Cuzco, filiaci&#xF3;n y genealog&#xED;a de los Berrios, Silvas y Xaras. -- Altar de pata de la Catedral del Cusco. -- Cofrad&#xED;a del Se&#xF1;or de los Temblores. -- Papeles de censos e imposiciones. -- Por llevar el parasol de Pumacahua. Eduardo L. Ugarte. -- Tierras de Amaru Cancha. -- Colegio de Educandas de Cusco, decreto de fundaci&#xF3;n y otros documentos referentes. -- Colegio para los hijos de Caciques. -- Colegio de San Francisco de Borja. -- Rentas del colegio de Educandas a&#xF1;o 1832. -- Tierras de fortaleza. -- Derechos de funerales. -- Verdugo a&#xF1;o 1822. -- Hospicio de pobres e inv&#xE1;lidos. -- Botica en 1844. -- La lucha por la independencia del Per&#xFA;, la rebeli&#xF3;n de 1742 Juan Santos Atahuallpa. Jos&#xE9; A. Vallejo Fonseca. -- Hospital del Cuzco 18 cartas y el reglamento. -- Inventario de la Iglesia y Hospital de San Andr&#xE9;s del Cuzco. -- Inventario de la iglesia y convento de la Almudena del Cuzco. -- Fundadores y benefactores de la Compa&#xF1;&#xED;a del Cuzco. -- Restablecimiento de la Compa&#xF1;&#xED;a de Jes&#xFA;s en los reinos del Per&#xFA;. -- Arte Cuzque&#xF1;o V. Jorge Cornejo Bouroncle. -- Biblioteca del De&#xE1;n Esquivel y Nav&#xED;a. -- De los &#xFA;ltimos d&#xED;as virreinales. -- Se reincorpora la Intendencia de Puno al Virreinato del Per&#xFA;. -- De los primeros a&#xF1;os de la republica. -- Reparto de tierra en 1595.</subfield>
  </datafield>
  <datafield tag="650" ind1=" " ind2=" ">
    <subfield code="a">Documentos hist&#xF3;ricos</subfield>
    <subfield code="9">1122</subfield>
  </datafield>
  <datafield tag="650" ind1=" " ind2=" ">
    <subfield code="a">Patrimonio documental</subfield>
    <subfield code="9">44090</subfield>
  </datafield>
  <datafield tag="650" ind1=" " ind2=" ">
    <subfield code="a">Historia del Cusco</subfield>
    <subfield code="9">1714</subfield>
  </datafield>
  <datafield tag="650" ind1=" " ind2=" ">
    <subfield code="a">Levantamientos andinos</subfield>
    <subfield code="9">44095</subfield>
  </datafield>
  <datafield tag="650" ind1=" " ind2=" ">
    <subfield code="a">Arte cusque&#xF1;o</subfield>
    <subfield code="9">13165</subfield>
  </datafield>
  <datafield tag="650" ind1=" " ind2=" ">
    <subfield code="a">Hospitales del Cusco</subfield>
    <subfield code="9">46620</subfield>
  </datafield>
  <datafield tag="650" ind1=" " ind2=" ">
    <subfield code="a">Tupac Amaru</subfield>
    <subfield code="9">623</subfield>
  </datafield>
  <datafield tag="700" ind1=" " ind2=" ">
    <subfield code="a">Cornejo Bouroncle, Jorge</subfield>
    <subfield code="9">15278</subfield>
  </datafield>
  <datafield tag="700" ind1=" " ind2=" ">
    <subfield code="a">Garc&#xED;a Rosell, Cesar</subfield>
    <subfield code="9">25779</subfield>
  </datafield>
  <datafield tag="700" ind1=" " ind2=" ">
    <subfield code="a">Vallejo Fonseca, Jos&#xE9;</subfield>
    <subfield code="9">46621</subfield>
  </datafield>
  <datafield tag="942" ind1=" " ind2=" ">
    <subfield code="2">ddc</subfield>
    <subfield code="c">PP</subfield>
  </datafield>
  <datafield tag="945" ind1=" " ind2=" ">
    <subfield code="a">rac</subfield>
  </datafield>
  <datafield tag="952" ind1=" " ind2=" ">
    <subfield code="0">0</subfield>
    <subfield code="2">ddc</subfield>
    <subfield code="4">0</subfield>
    <subfield code="7">0</subfield>
    <subfield code="a">HEM</subfield>
    <subfield code="b">HEM</subfield>
    <subfield code="c">CART</subfield>
    <subfield code="d">2021-09-07</subfield>
    <subfield code="g">10.00</subfield>
    <subfield code="o">Rev.AHC/N&#xB0;8/1957</subfield>
    <subfield code="p">REVC000390</subfield>
    <subfield code="r">2021-09-07</subfield>
    <subfield code="y">PP</subfield>
  </datafield>
</record>
